| Tag |
First Indicator |
Second Indicator |
Subfields |
| LEADER |
00000cam a2200000 a 4500 |
| 001 |
in00001575607 |
| 005 |
20151022100700.0 |
| 008 |
991217s2000 nyua be 001 0 eng |
| 010 |
|
|
|a 99085998
|
| 020 |
|
|
|a 0816035768
|
| 035 |
|
|
|a (OCoLC)ocm43096839
|
| 040 |
|
|
|a DLC
|c DLC
|d C#P
|d TXA
|d UtOrBLW
|
| 049 |
|
|
|a TXAM
|
| 050 |
0 |
0 |
|a D727
|b .G745 2000
|
| 082 |
0 |
0 |
|a 909.82/2/03
|2 21
|
| 100 |
1 |
|
|a Grossman, Mark.
|
| 245 |
1 |
0 |
|a Encyclopedia of the interwar years, from 1919 to 1939 /
|c Mark Grossman.
|
| 264 |
|
1 |
|a New York :
|b Facts On File, Inc.,
|c [2000]
|
| 264 |
|
4 |
|c ©2000
|
| 300 |
|
|
|a xv, 400 pages :
|b illustrations ;
|c 29 cm.
|
| 336 |
|
|
|a text
|b txt
|2 rdacontent
|
| 337 |
|
|
|a unmediated
|b n
|2 rdamedia
|
| 338 |
|
|
|a volume
|b nc
|2 rdacarrier
|
| 490 |
1 |
|
|a Facts on file library of world history
|
| 504 |
|
|
|a Includes bibliographical references (pages 357-381) and index.
|
| 650 |
|
0 |
|a History, Modern
|y 20th century
|v Encyclopedias.
|
| 830 |
|
0 |
|a Facts on File library of world history.
|
| 994 |
|
|
|a E0
|b TXA
|
| 999 |
|
|
|a MARS
|
| 999 |
f |
f |
|s 6881699f-499a-35d3-8c58-8cb8eafb3d70
|i 0b88a45a-c3f9-3e42-8dff-281d81fc4979
|t 0
|
| 952 |
f |
f |
|p ric
|a Texas A&M University
|b Rellis Campus
|c Joint Library Facility
|d Remote Storage
|t 0
|e D727 .G745 2000
|h Library of Congress classification
|i unmediated -- volume
|m A14827007541
|
| 998 |
f |
f |
|a D727 .G745 2000
|t 0
|l Remote Storage
|